[Event "Mittelfrankenliga 05/06 (B2b)"]
[Site "Mfr.2005/06-R6"]
[Date "2006.02.12"]
[Round "6.7"]
[White "Knapp, Erhard"]
[Black "Ullrich, Gerhard[31]"]
[Result "1/2-1/2"]
[WhiteElo "1720"]
[BlackElo "1700"]
[Annotator "SK Schwabach2-Gunzenhausen/Wbg.2"]
[PlyCount "62"]
[EventDate "2006.02.12"]
[SourceDate "2005.10.17"]

1. c4 Nf6 2. Nc3 e6 3. e4 c5 4. e5 Ng8 5. d4 cxd4 6. Qxd4 Nc6 7. Qe4 d6 8. Nf3
dxe5 9. Nxe5 Nxe5 10. Qxe5 Nf6 11. Bg5 Be7 12. a3 a6 13. Be2 O-O 14. O-O Nd7
15. Bxe7 Nxe5 16. Bxd8 Rxd8 17. Rad1 Bd7 18. Rd2 Bc6 19. Rfd1 Rxd2 20. Rxd2 Kf8
21. b4 Ke7 22. f3 f5 23. f4 Nf7 24. h4 g6 25. Kf2 Rd8 26. Rxd8 Nxd8 27. g3 Kf6
28. c5 e5 29. fxe5+ Kxe5 30. Ke3 h6 31. Bf3 g5 1/2-1/2

[Event "Mittelfrankenliga 05/06 (B2b)"]
[Site "Mfr.2005/06-R6"]
[Date "2006.02.12"]
[Round "6.8"]
[White "Uhlendorff, Daniel"]
[Black "Schneider, Michael[60]"]
[Result "0-1"]
[WhiteElo "1697"]
[BlackElo "1659"]
[Annotator "SK Schwabach2-Gunzenhausen/Wbg.2"]
[PlyCount "94"]
[EventDate "2006.02.12"]
[SourceDate "2005.10.17"]

1. Nf3 d5 2. d4 Nf6 3. Bg5 Bg4 4. Nbd2 e6 5. Ne5 Bf5 6. Ndf3 h6 7. Bh4 g5 8.
Bg3 Ne4 9. Nd2 Nxg3 10. hxg3 f6 11. Nef3 c6 12. e3 Bd6 13. Be2 Qc7 14. Nh2 Nd7
15. Bh5+ Ke7 16. f4 c5 17. c3 Rag8 18. Qf3 cxd4 19. exd4 gxf4 20. g4 Bg6 21.
Bxg6 Rxg6 22. O-O-O Nb6 23. Rhe1 Kd7 24. Qd3 Rhg8 25. Re2 e5 26. Qf5+ Kd8 27.
dxe5 fxe5 28. Nhf3 e4 29. Nd4 Qd7 30. c4 e3 31. N2f3 Qxf5 32. Nxf5 Bc5 33. cxd5
Rxg4 34. Rc2 Bf8 35. N3h4 Be7 36. Nxh6 Bxh4 37. Nxg8 Rxg8 38. d6 Bf2 39. Rd4 e2
40. Rxe2 Bxd4 41. Re7 Rg7 42. Re2 Be3+ 43. Kc2 Nc4 44. Kd3 Nxd6 45. Rc2 Rc7 46.
Re2 Nf5 47. b3 Rg7 0-1

[Event "Mittelfrankenliga 05/06 (B2b)"]
[Site "Mfr.2005/06-R6"]
[Date "2006.02.12"]
[Round "6.1"]
[White "Schulze, Hubertus"]
[Black "Konsek, Peter"]
[Result "1-0"]
[WhiteElo "2056"]
[BlackElo "1958"]
[Annotator "SW Nbg.3-NT Nbg.4"]
[PlyCount "111"]
[EventDate "2006.02.12"]
[SourceDate "2005.10.17"]

1. d4 Nf6 2. c4 e6 3. Nc3 Bb4 4. e3 b6 5. Be2 Bb7 6. Bf3 Bxf3 7. Qxf3 Nc6 8.
Nge2 O-O 9. O-O d5 10. cxd5 exd5 11. a3 Bxc3 12. Nxc3 Na5 13. b4 Nc4 14. Ra2 c6
15. Qg3 Re8 16. Re2 Qd6 17. Qxd6 Nxd6 18. f3 Re6 19. Kf2 Rae8 20. Rfe1 h6 21.
h3 a6 22. a4 Kh7 23. Rc2 g5 24. Nd1 b5 25. a5 Kg6 26. Nb2 Nc4 27. Nd3 Nd7 28.
Rce2 f5 29. g4 fxg4 30. hxg4 Rf6 31. Kg3 Ref8 32. f4 Nd6 33. Ne5+ Nxe5 34. dxe5
Ne4+ 35. Kf3 R6f7 36. f5+ Kh7 37. Rh1 Rxf5+ 38. gxf5 Rxf5+ 39. Kg2 Rxe5 40. Bb2
Re6 41. Rc1 c5 42. bxc5 Rc6 43. Bd4 h5 44. Rec2 Kg6 45. Rf1 h4 46. Rf8 g4 47.
Rb8 h3+ 48. Kh2 Kg5 49. Be5 Kf5 50. Rb6 Rc8 51. Bd4 Rc7 52. Rh6 Kg5 53. Be5 Rf7
54. Bf4+ Rxf4 55. exf4+ Kxh6 56. c6 1-0

[Event "Mittelfrankenliga 05/06 (B2b)"]
[Site "Mfr.2005/06-R6"]
[Date "2006.02.12"]
[Round "6.2"]
[White "Fuchs, Johann"]
[Black "Ackermann, Robert"]
[Result "1-0"]
[WhiteElo "1960"]
[BlackElo "1922"]
[Annotator "SW Nbg.3-NT Nbg.4"]
[PlyCount "147"]
[EventDate "2006.02.12"]
[SourceDate "2005.10.17"]

1. d4 Nf6 2. Nf3 d5 3. Bf4 Bf5 4. e3 e6 5. Nbd2 Nbd7 6. c4 c6 7. Qb3 Qb6 8. c5
Qxb3 9. axb3 Nxc5 10. dxc5 Bxc5 11. Be5 Ke7 12. Nh4 Bg6 13. Nxg6+ hxg6 14. Be2
Ne8 15. Bd3 f6 16. Bd4 Bxd4 17. exd4 Kf7 18. f4 Nd6 19. O-O a6 20. Rfe1 Rae8
21. b4 Re7 22. Nb3 f5 23. Nd2 Ne4 24. Nf3 Kf6 25. Ne5 g5 26. Bxe4 dxe4 27.
fxg5+ Kxg5 28. Ra3 Kf6 29. Rg3 g5 30. Rc3 Rd8 31. Rd1 Rh7 32. h3 Rc7 33. Kf2
Rd5 34. Rc5 Rd8 35. Ke3 Rh8 36. Rdc1 Rhc8 37. R1c3 Rb8 38. b5 axb5 39. Rxb5 Ra8
40. Rbb3 c5 41. Rxc5 Rxc5 42. Nd7+ Ke7 43. Nxc5 Kd6 44. Nxb7+ Kd5 45. Rc3 f4+
46. Ke2 Kxd4 47. Nc5 Ke5 48. Nd7+ Kd4 49. Ra3 f3+ 50. gxf3 exf3+ 51. Kxf3 Rd8
52. Ra4+ Kd5 53. Nf6+ Ke5 54. Ng4+ Kf5 55. Ra5+ Kg6 56. Ne5+ Kf6 57. Ng4+ Kg6
58. Re5 Rd6 59. b4 Rd3+ 60. Re3 Rd6 61. b5 Rb6 62. Rb3 Kf5 63. Ne3+ Kf6 64. Nc4
Rb8 65. b6 Ke7 66. b7 Kd7 67. Kg4 Kc6 68. Ne5+ Kc7 69. Nf7 Kd7 70. Nxg5 Kc7 71.
Ne4 Rg8+ 72. Kf4 Rb8 73. Nc5 Kd6 74. Na6 1-0

[Event "Mittelfrankenliga 05/06 (B2b)"]
[Site "Mfr.2005/06-R6"]
[Date "2006.02.12"]
[Round "6.4"]
[White "Billmann, Andreas"]
[Black "Lutzky, Manfred"]
[Result "0-1"]
[WhiteElo "1872"]
[BlackElo "1843"]
[Annotator "SW Nbg.3-NT Nbg.4"]
[PlyCount "80"]
[EventDate "2006.02.12"]
[SourceDate "2005.10.17"]

1. d4 d5 2. c4 e6 3. Nc3 Nf6 4. e3 Be7 5. Nf3 O-O 6. Bd3 dxc4 7. Bxc4 b6 8. O-O
Bb7 9. Qe2 Nbd7 10. Rd1 Ne4 11. Nxe4 Bxe4 12. b3 Bd6 13. Bb2 Qf6 14. Nd2 Qh6
15. g3 Bb7 16. e4 e5 17. d5 f5 18. exf5 Rxf5 19. Bd3 Rxf2 20. Bxh7+ Qxh7 21.
Kxf2 Qxh2+ 22. Ke1 Qxg3+ 23. Qf2 Qxf2+ 24. Kxf2 Bxd5 25. Nf3 Bb7 26. Rxd6 cxd6
27. Ng5 Rf8+ 28. Ke2 Rf5 29. Rg1 Rf6 30. b4 Nf8 31. b5 Ne6 32. Nxe6 Rxe6 33. a4
Kf7 34. Ba3 g6 35. Rc1 Kf6 36. Rf1+ Ke7 37. Rc1 Kd7 38. Rg1 Rf6 39. Rg3 Be4 40.
Rh3 g5 0-1

[Event "Mittelfrankenliga 05/06 (B2b)"]
[Site "Mfr.2005/06-R6"]
[Date "2006.02.12"]
[Round "6.5"]
[White "Horstmann, Astrid"]
[Black "Hintyes, Helmuth"]
[Result "0-1"]
[WhiteElo "1710"]
[BlackElo "1806"]
[Annotator "SW Nbg.3-NT Nbg.4"]
[PlyCount "90"]
[EventDate "2006.02.12"]
[SourceDate "2005.10.17"]

1. c4 e5 2. Nc3 Nc6 3. g3 Bc5 4. Bg2 Nf6 5. e3 Qe7 6. d3 d6 7. Nge2 Bg4 8. a3
O-O 9. b4 Bb6 10. O-O Rab8 11. h3 Bh5 12. g4 Bxg4 13. hxg4 Nxg4 14. Bh3 f5 15.
Nd5 Qh4 16. Kg2 Qg5 17. Ng3 h5 18. Bxg4 hxg4 19. f4 gxf3+ 20. Qxf3 g6 21. a4 a5
22. b5 Nb4 23. Nxb4 axb4 24. Bd2 Rf7 25. Rf2 Rbf8 26. Kf1 e4 27. Qg2 exd3 28.
Rf4 Re8 29. Qf3 Rfe7 30. Kf2 Bxe3+ 31. Bxe3 Rxe3 32. Qd5+ Kg7 33. Nxf5+ gxf5
34. Qd4+ Qf6 35. Rg1+ Kf7 36. Qd5+ Qe6 37. Rxf5+ Ke7 38. Rg7+ Kd8 39. Qxe6
R3xe6 40. Rff7 Re2+ 41. Kf1 Re1+ 42. Kf2 R8e2+ 43. Kg3 Rg1+ 44. Kf3 Rf1+ 45.
Kg3 Rxf7 0-1

[Event "Mittelfrankenliga 05/06 (B2b)"]
[Site "Mfr.2005/06-R6"]
[Date "2006.02.12"]
[Round "6.6"]
[White "Roth, Hans"]
[Black "Kelm, Klaus"]
[Result "1/2-1/2"]
[WhiteElo "1753"]
[BlackElo "1881"]
[Annotator "SW Nbg.3-NT Nbg.4"]
[PlyCount "71"]
[EventDate "2006.02.12"]
[SourceDate "2005.10.17"]

1. e4 c5 2. Nf3 d6 3. d4 cxd4 4. Nxd4 Nf6 5. Nc3 a6 6. Be2 e5 7. Nb3 Be7 8. O-O
O-O 9. Be3 b6 10. Bf3 Bb7 11. Qd2 Nbd7 12. Rad1 b5 13. a3 Rc8 14. Qe2 Qc7 15.
Rd2 Nb6 16. Bxb6 Qxb6 17. Rfd1 Rc7 18. Rd3 Bc8 19. Nd5 Nxd5 20. Rxd5 Be6 21.
R5d2 Rfc8 22. Na1 a5 23. Bg4 Rf8 24. Bxe6 fxe6 25. Rd3 Rf4 26. g3 Rf6 27. Rf3
Rc4 28. c3 Qc6 29. Re1 Rxf3 30. Qxf3 b4 31. Nb3 Bd8 32. Nd2 Rc5 33. Nb3 Rc4 34.
Nd2 Rc5 35. Nb3 Rc4 36. Nd2 1/2-1/2

[Event "Mittelfrankenliga 05/06 (B2b)"]
[Site "Mfr.2005/06-R6"]
[Date "2006.02.12"]
[Round "6.7"]
[White "Suess, Helmut"]
[Black "Babichev, Vyacheslav"]
[Result "1-0"]
[WhiteElo "1855"]
[BlackElo "1690"]
[Annotator "SW Nbg.3-NT Nbg.4"]
[PlyCount "109"]
[EventDate "2006.02.12"]
[SourceDate "2005.10.17"]

1. d4 g6 2. c4 Bg7 3. Nc3 Nf6 4. g3 O-O 5. Bg2 d6 6. Nf3 Nc6 7. d5 Na5 8. Nd2
c5 9. Rb1 Bf5 10. e4 Bg4 11. Qc2 Bh6 12. b3 Qc8 13. h3 Bd7 14. Nf3 Bxc1 15.
Rxc1 Nh5 16. Qd2 Kg7 17. Ne2 b6 18. g4 Nf6 19. Ng3 Ng8 20. e5 Nb7 21. Qc3 f6
22. e6 Be8 23. Bf1 a5 24. a4 Nd8 25. Bd3 Qb7 26. Be4 Ra7 27. Kf1 Qa6 28. h4 h6
29. Kg2 Rc7 30. Nd2 Qc8 31. f4 Qb7 32. Rce1 Kh7 33. h5 f5 34. hxg6+ Bxg6 35.
gxf5 Be8 36. f6+ Bg6 37. f5 Be8 38. f7 Nf6 39. fxe8=Q Rxe8 40. Nf3 Rg8 41. Rh4
Qc8 42. Reh1 h5 43. Rxh5+ Kg7 44. Rg5+ Kf8 45. Rxg8+ Kxg8 46. Nh5 Nb7 47. Nxf6+
exf6 48. Qxf6 Rg7+ 49. Kf2 Qc7 50. Rg1 Rxg1 51. Kxg1 Qh7 52. Qg6+ Qxg6+ 53.
fxg6 Kf8 54. Ng5 Nd8 55. Nh7+ 1-0

[Event "Mittelfrankenliga 05/06 (B2b)"]
[Site "Mfr.2005/06-R6"]
[Date "2006.02.12"]
[Round "6.8"]
[White "Bala, Claudio"]
[Black "Sha, Siyu"]
[Result "0-1"]
[WhiteElo "1649"]
[BlackElo "1762"]
[Annotator "SW Nbg.3-NT Nbg.4"]
[PlyCount "82"]
[EventDate "2006.02.12"]
[SourceDate "2005.10.17"]

1. c4 Nf6 2. d4 g6 3. Nc3 Bg7 4. Bg5 O-O 5. Qd2 d6 6. Bh6 e5 7. Bxg7 Kxg7 8.
Nf3 e4 9. Ng5 Re8 10. Qf4 Qe7 11. h4 Nc6 12. O-O-O h6 13. Nh3 e3 14. d5 Nh5 15.
Qxe3 Qxe3+ 16. fxe3 Ne5 17. Rd4 Ng3 18. Rg1 Ng4 19. Rxg4 Bxg4 20. Nf2 Bf5 21.
Kd2 Re7 22. Nh1 Nxh1 23. Rxh1 Rae8 24. Nd1 c6 25. dxc6 bxc6 26. Rg1 h5 27. g3
d5 28. Bg2 dxc4 29. Bxc6 Rd8+ 30. Kc3 Bb1 31. a3 Re6 32. Ba4 Ba2 33. Bc2 Red6
34. Re1 Bb3 35. Nf2 Rb6 36. Ne4 Rdb8 37. Rb1 Bxc2 38. Kxc2 Re6 39. Nd2 Rxe3 40.
Nxc4 Rxe2+ 41. Kd3 Rg2 0-1

[Event "Mittelfrankenliga 05/06 (B1)"]
[Site "Mfr.2005/06-R6"]
[Date "2006.02.12"]
[Round "6.1"]
[White "Hoermann, Gunther"]
[Black "Trefny, Vlastimil"]
[Result "0-1"]
[WhiteElo "2131"]
[BlackElo "2201"]
[Annotator "SG/TB Erlangen1-Cadolzburg1"]
[PlyCount "58"]
[EventDate "2006.02.12"]
[SourceDate "2005.10.17"]

1. d4 d5 2. Nf3 Nf6 3. e3 c5 4. c3 Nc6 5. Nbd2 Bg4 6. dxc5 e5 7. Qa4 Bd7 8. e4
d4 9. cxd4 Nxd4 10. Qc4 Bb5 11. Qxb5+ Nxb5 12. Bxb5+ Ke7 13. c6 Qa5 14. a4 bxc6
15. Nxe5 Rc8 16. Nxc6+ Rxc6 17. Bxc6 Ke6 18. O-O Bb4 19. Nb3 Qe5 20. Rd1 Rc8
21. Be3 Ke7 22. Nd4 Ng4 23. Nf3 Qa5 24. Rd5 Qa6 25. Rd7+ Kf8 26. Bb7 Qc4 27.
Bd5 Qc2 28. Rxf7+ Ke8 29. Bxa7 Qc1+ 0-1

[Event "Mittelfrankenliga 05/06 (B1)"]
[Site "Mfr.2005/06-R6"]
[Date "2006.02.12"]
[Round "6.2"]
[White "Goetz, Andreas[66]"]
[Black "Rausch, Wolfgang"]
[Result "1/2-1/2"]
[WhiteElo "2101"]
[BlackElo "2071"]
[Annotator "SG/TB Erlangen1-Cadolzburg1"]
[PlyCount "49"]
[EventDate "2006.02.12"]
[SourceDate "2005.10.17"]

1. c4 e6 2. Nf3 d5 3. b3 Nf6 4. Bb2 b6 5. e3 Bb7 6. cxd5 exd5 7. Bb5+ c6 8. Be2
Bd6 9. O-O Nbd7 10. Nd4 g6 11. d3 Rc8 12. Nd2 O-O 13. N4f3 Re8 14. Rc1 Qe7 15.
Rc2 Nh5 16. Re1 f5 17. Nd4 Nhf6 18. g3 Ne5 19. N2f3 Neg4 20. Bf1 c5 21. Nb5 Bb8
22. Bg2 a6 23. Na3 b5 24. Nb1 Nd7 25. Nbd2 1/2-1/2

[Event "Mittelfrankenliga 05/06 (B1)"]
[Site "Mfr.2005/06-R6"]
[Date "2006.02.12"]
[Round "6.3"]
[White "Strobel, Norbert"]
[Black "Liepold, Stefan"]
[Result "1/2-1/2"]
[WhiteElo "1998"]
[BlackElo "2187"]
[Annotator "SG/TB Erlangen1-Cadolzburg1"]
[PlyCount "67"]
[EventDate "2006.02.12"]
[SourceDate "2005.10.17"]

1. d4 Nf6 2. Nf3 g6 3. g3 Bg7 4. Bg2 d5 5. O-O O-O 6. a4 c5 7. c3 cxd4 8. cxd4
Ne4 9. Qb3 Nc6 10. e3 Na5 11. Qa2 Be6 12. b4 Nc4 13. Nfd2 Nexd2 14. Nxd2 Rc8
15. Nxc4 Rxc4 16. Bd2 Qd7 17. Rfc1 Rfc8 18. Bf1 Rxc1 19. Rxc1 Rxc1 20. Bxc1 Bf5
21. b5 h5 22. h4 Be4 23. Bg2 Bxg2 24. Kxg2 e6 25. Ba3 Qc7 26. Qb3 b6 27. Qb4
Qc8 28. a5 Bf8 29. Qa4 bxa5 30. Bxf8 Kxf8 31. Qxa5 Qc4 32. Qd8+ Kg7 33. Qd7 Qd3
34. Qxa7 1/2-1/2

[Event "Mittelfrankenliga 05/06 (B1)"]
[Site "Mfr.2005/06-R6"]
[Date "2006.02.12"]
[Round "6.4"]
[White "Martin Fernandez, Rodrigo"]
[Black "Metzenroth, Dieter"]
[Result "1-0"]
[WhiteElo "2057"]
[BlackElo "1855"]
[Annotator "SG/TB Erlangen1-Cadolzburg1"]
[PlyCount "103"]
[EventDate "2006.02.12"]
[SourceDate "2005.10.17"]

1. d4 Nf6 2. c4 g6 3. Nc3 d5 4. cxd5 Nxd5 5. e4 Nxc3 6. bxc3 Bg7 7. Bc4 O-O 8.
Ne2 c5 9. O-O Nc6 10. Be3 Qc7 11. Rc1 Rd8 12. Qd2 b6 13. Rfd1 Na5 14. Bd3 c4
15. Bb1 Bb7 16. Qe1 e6 17. f4 f5 18. Ng3 Rd7 19. Rd2 Rad8 20. Re2 Re7 21. Qf2
Rde8 22. Rce1 b5 23. Rb2 Qd7 24. Bc2 Bc6 25. Reb1 Nb7 26. e5 a6 27. Bd1 Rb8 28.
Bc1 Ree8 29. Bf3 Bf8 30. Rd2 Bd5 31. Nf1 Na5 32. Ne3 Nc6 33. Nxd5 exd5 34. Rdb2
b4 35. Bd2 a5 36. Bd1 Rec8 37. Ba4 Qc7 38. Qf3 Ne7 39. g4 fxg4 40. Qxg4 Nf5 41.
Qf3 Qf7 42. Bc2 Nxd4 43. cxd4 c3 44. Bb3 Rb5 45. Rc2 Ra8 46. Ba4 b3 47. axb3
Qf5 48. Qd1 cxd2 49. Bxb5 Qxf4 50. Rxd2 Qe3+ 51. Kh1 Qe4+ 52. Rg2 1-0

[Event "Mittelfrankenliga 05/06 (B1)"]
[Site "Mfr.2005/06-R6"]
[Date "2006.02.12"]
[Round "6.5"]
[White "Zwingel, Stephan"]
[Black "Petzold, Vinzenz"]
[Result "1-0"]
[WhiteElo "1911"]
[BlackElo "2068"]
[Annotator "SG/TB Erlangen1-Cadolzburg1"]
[PlyCount "89"]
[EventDate "2006.02.12"]
[SourceDate "2005.10.17"]

1. d4 Nf6 2. Bg5 Ne4 3. Bf4 c5 4. f3 Qa5+ 5. c3 Nf6 6. Nd2 cxd4 7. Nb3 Qf5 8.
Bxb8 Rxb8 9. Qxd4 b6 10. e4 Qf4 11. Nh3 Qc7 12. e5 Ng8 13. Nf4 e6 14. Nd3 Ne7
15. Be2 Nf5 16. Qf2 Be7 17. Nd4 Nxd4 18. Qxd4 Bb7 19. Qg4 Kf8 20. Qh5 h6 21.
Rd1 g6 22. Qg4 h5 23. Qd4 a5 24. a4 Bc6 25. Rd2 Kg7 26. Nf2 f5 27. Bb5 Bxb5 28.
axb5 Rhd8 29. Nd3 Rbc8 30. Ke2 Kh7 31. Rhd1 d5 32. Nf4 Qd7 33. Qxb6 Bg5 34.
Nxe6 Bxd2 35. Nxd8 Bf4 36. Nc6 a4 37. Qd4 Bxh2 38. Qxd5 Qg7 39. Qd7 Rc7 40.
Qxg7+ Kxg7 41. e6 Rc8 42. e7 Re8 43. Rd8 Kf7 44. Rxe8 Kxe8 45. b6 1-0

[Event "Mittelfrankenliga 05/06 (B1)"]
[Site "Mfr.2005/06-R6"]
[Date "2006.02.12"]
[Round "6.6"]
[White "Walter, Thomas[78]"]
[Black "Truempelmann, Jochen"]
[Result "1-0"]
[WhiteElo "2019"]
[BlackElo "1947"]
[Annotator "SG/TB Erlangen1-Cadolzburg1"]
[PlyCount "57"]
[EventDate "2006.02.12"]
[SourceDate "2005.10.17"]

1. e4 e5 2. Nf3 Nc6 3. d4 exd4 4. Bc4 Bc5 5. c3 Nf6 6. cxd4 Bb4+ 7. Nc3 Nxe4 8.
O-O Bxc3 9. d5 Bf6 10. Re1 Ne7 11. Rxe4 d6 12. Qa4+ Bd7 13. Qb3 b6 14. Bg5 Bxg5
15. Nxg5 O-O 16. Rae1 Ng6 17. Ne6 fxe6 18. dxe6 Kh8 19. e7 Nxe7 20. Rxe7 Rf6
21. Qg3 Rg6 22. Qf3 Rf6 23. Rxd7 Qf8 24. Qe3 c6 25. Re7 d5 26. Bd3 Kg8 27. Qh3
h6 28. Qd7 Rf7 29. Bh7+ 1-0

[Event "Mittelfrankenliga 05/06 (B1)"]
[Site "Mfr.2005/06-R6"]
[Date "2006.02.12"]
[Round "6.7"]
[White "Kollitz, Carsten"]
[Black "Salzwedel, Wolfgang"]
[Result "1/2-1/2"]
[WhiteElo "1708"]
[BlackElo "1977"]
[Annotator "SG/TB Erlangen1-Cadolzburg1"]
[PlyCount "53"]
[EventDate "2006.02.12"]
[SourceDate "2005.10.17"]

1. e4 c5 2. Nf3 Nc6 3. d4 cxd4 4. Nxd4 e5 5. Nb5 d6 6. N1c3 a6 7. Na3 Nf6 8.
Bg5 Be7 9. Bxf6 Bxf6 10. Nd5 O-O 11. Be2 b5 12. O-O Bg5 13. c4 b4 14. Nc2 a5
15. Qd3 Bb7 16. a3 bxa3 17. Qxa3 Ne7 18. Nc3 Bd2 19. f3 Qb6+ 20. Kh1 Bxc3 21.
Qxc3 Nc6 22. Rfd1 Rfd8 23. Rd2 Qc5 24. Rad1 Rd7 25. g3 Nb4 26. Na3 Rad8 27. Ra1
1/2-1/2

[Event "Mittelfrankenliga 05/06 (B1)"]
[Site "Mfr.2005/06-R6"]
[Date "2006.02.12"]
[Round "6.8"]
[White "Huettl, Walter"]
[Black "Kollitz, Alexander"]
[Result "1-0"]
[WhiteElo "1926"]
[BlackElo "1561"]
[Annotator "SG/TB Erlangen1-Cadolzburg1"]
[PlyCount "75"]
[EventDate "2006.02.12"]
[SourceDate "2005.10.17"]

1. c4 Nf6 2. Nc3 e6 3. g3 Bb4 4. Bg2 O-O 5. e3 d5 6. cxd5 exd5 7. Nge2 c6 8.
O-O Qc7 9. Qc2 Bd6 10. d3 Bf5 11. e4 dxe4 12. dxe4 Bg4 13. Be3 Nbd7 14. f3 Be6
15. b3 Bc5 16. Bxc5 Nxc5 17. Nf4 Qb6 18. Kh1 Rad8 19. Rad1 g5 20. Nfe2 Rd7 21.
Rxd7 Nfxd7 22. Qd2 h6 23. Rd1 Nf6 24. Qd4 Ncd7 25. Qd2 Nc5 26. h3 Ncd7 27. f4
gxf4 28. gxf4 Nc5 29. f5 Bc8 30. Qxh6 Nh7 31. Nf4 Kh8 32. Nh5 Rg8 33. Nf6 Rg7
34. Nxh7 Kg8 35. Nf6+ Kf8 36. Qh8+ Ke7 37. Nfd5+ cxd5 38. Nxd5+ 1-0

[Event "Mittelfrankenliga 05/06 (B1)"]
[Site "Mfr.2005/06-R6"]
[Date "2006.02.12"]
[Round "6.1"]
[White "Kociurzynski, Andre"]
[Black "Schneider, David[90]"]
[Result "1/2-1/2"]
[WhiteElo "1967"]
[BlackElo "2181"]
[Annotator "Großenseebach1-SF Fürth1"]
[PlyCount "39"]
[EventDate "2006.02.12"]
[SourceDate "2005.10.17"]

1. e4 c5 2. Nf3 e6 3. d4 cxd4 4. Nxd4 a6 5. Bd3 Bc5 6. Nb3 Ba7 7. Nc3 d6 8. O-O
Nf6 9. Qe2 Nc6 10. Nd1 O-O 11. Be3 e5 12. Bxa7 Rxa7 13. Ne3 Be6 14. c4 Ne7 15.
Nd5 Nfxd5 16. cxd5 Bd7 17. f4 Qb6+ 18. Qf2 Qxf2+ 19. Rxf2 exf4 20. Nd2 1/2-1/2

[Event "Mittelfrankenliga 05/06 (B1)"]
[Site "Mfr.2005/06-R6"]
[Date "2006.02.12"]
[Round "6.2"]
[White "Suess, Stefan[87]"]
[Black "Kirbach, Thomas"]
[Result "1/2-1/2"]
[WhiteElo "1849"]
[BlackElo "1936"]
[Annotator "Großenseebach1-SF Fürth1"]
[PlyCount "110"]
[EventDate "2006.02.12"]
[SourceDate "2005.10.17"]

1. d4 Nf6 2. c4 d6 3. Nc3 g6 4. e4 Bg7 5. Nf3 O-O 6. Be2 e5 7. O-O Nc6 8. d5
Ne7 9. b4 a5 10. Ba3 Nd7 11. bxa5 Rxa5 12. Bb4 Ra8 13. a4 f5 14. Nd2 Rf7 15.
Nb3 Nf6 16. f3 f4 17. c5 g5 18. cxd6 cxd6 19. Nb5 Ne8 20. Qd2 Ng6 21. Ba5 b6
22. Bb4 Bf8 23. Rfc1 g4 24. Qe1 gxf3 25. Bxf3 Rg7 26. Qf2 Nh4 27. Rc3 Qg5 28.
Ra2 Bg4 29. Bxg4 Qxg4 30. Kh1 Nxg2 31. Rc1 Nh4 32. Rg1 Qxg1+ 33. Qxg1 Rxg1+ 34.
Kxg1 Rc8 35. a5 bxa5 36. Rxa5 Rc4 37. Ba3 Nf6 38. Ra8 Nxe4 39. Nxd6 Nxd6 40.
Bxd6 Ng6 41. Nc5 Kf7 42. Ra7+ Kg8 43. Ra8 Kf7 44. Ra7+ Be7 45. Bxe7 Nxe7 46. d6
Rxc5 47. Rxe7+ Kf6 48. Rxh7 Ke6 49. Rh6+ Kd7 50. h4 f3 51. Kf2 e4 52. Rf6 Re5
53. Ke3 Rh5 54. Kxe4 Rxh4+ 55. Kxf3 Rd4 1/2-1/2

[Event "Mittelfrankenliga 05/06 (B1)"]
[Site "Mfr.2005/06-R6"]
[Date "2006.02.12"]
[Round "6.3"]
[White "Schoeller, Wolfgang"]
[Black "Seyb, Dieter"]
[Result "1/2-1/2"]
[WhiteElo "2003"]
[BlackElo "2219"]
[Annotator "Großenseebach1-SF Fürth1"]
[PlyCount "35"]
[EventDate "2006.02.12"]
[SourceDate "2005.10.17"]

1. e4 g6 2. d4 Bg7 3. Nc3 d6 4. Be3 a6 5. Qd2 Nd7 6. f3 b5 7. Nge2 Bb7 8. Nc1
c5 9. a4 b4 10. Nd1 Ngf6 11. Nb3 Qc7 12. dxc5 dxc5 13. c4 O-O 14. Be2 Rfd8 15.
Qc2 Ne8 16. O-O Nd6 17. Nf2 f5 18. Bd3 1/2-1/2

[Event "Mittelfrankenliga 05/06 (B1)"]
[Site "Mfr.2005/06-R6"]
[Date "2006.02.12"]
[Round "6.4"]
[White "Borel, Markus"]
[Black "Koschka, Guenther"]
[Result "1-0"]
[WhiteElo "1889"]
[BlackElo "1938"]
[Annotator "Großenseebach1-SF Fürth1"]
[PlyCount "81"]
[EventDate "2006.02.12"]
[SourceDate "2005.10.17"]

1. e4 e5 2. Nf3 d6 3. d4 exd4 4. Nxd4 Nf6 5. Nc3 Be7 6. Be2 O-O 7. O-O Bd7 8.
f4 Nc6 9. Be3 Qc8 10. Nxc6 Bxc6 11. Bf3 Bd7 12. f5 Bc6 13. g4 Qd8 14. g5 Nd7
15. Qd2 Ne5 16. Qg2 Re8 17. Rad1 Bf8 18. h4 Nxf3+ 19. Qxf3 Qe7 20. Rd4 d5 21.
exd5 Qxe3+ 22. Qxe3 Rxe3 23. dxc6 Bc5 24. cxb7 Rae8 25. Rfd1 R3e7 26. Kg2 Bxd4
27. Rxd4 c6 28. Re4 Kf8 29. Rxe7 Kxe7 30. Ne4 Kd7 31. Kf3 Kc7 32. Nc5 Rd8 33.
g6 hxg6 34. fxg6 Rf8 35. Kg3 Kd6 36. Ne4+ Kd7 37. Nc5+ Ke7 38. Na6 fxg6 39.
b8=Q Rxb8 40. Nxb8 Kd6 41. Kg4 1-0

[Event "Mittelfrankenliga 05/06 (B1)"]
[Site "Mfr.2005/06-R6"]
[Date "2006.02.12"]
[Round "6.5"]
[White "Thiele, Heinz[56]"]
[Black "Seyb, Alexander"]
[Result "1/2-1/2"]
[WhiteElo "1994"]
[BlackElo "2076"]
[Annotator "Großenseebach1-SF Fürth1"]
[PlyCount "124"]
[EventDate "2006.02.12"]
[SourceDate "2005.10.17"]

1. c4 Nf6 2. g3 e6 3. Bg2 c5 4. Nf3 Nc6 5. O-O Be7 6. Nc3 d5 7. cxd5 Nxd5 8.
Nxd5 Qxd5 9. d3 Bf6 10. Be3 Qd6 11. Rc1 Nd4 12. Nd2 Be7 13. Ne4 Qb6 14. b3 O-O
15. f4 Bd7 16. Bf2 Rac8 17. e3 Nf5 18. g4 Nh4 19. Bh1 f5 20. Ng5 h6 21. Bxh4
hxg5 22. Bxg5 Bxg5 23. fxg5 c4 24. d4 cxb3 25. Rxc8 Rxc8 26. Qxb3 Qxb3 27. axb3
fxg4 28. Bxb7 Rc3 29. Ra1 Rxe3 30. Rxa7 Rxb3 31. Be4 Re3 32. Bg6 Bc8 33. Rc7
Ba6 34. Ra7 Bc8 35. Re7 Rf3 36. Re8+ Rf8 37. Kg2 Rxe8 38. Bxe8 Kf8 39. Bh5 Ke7
40. Bxg4 Kd6 41. Kf2 Bb7 42. Bf3 Ba6 43. Ke3 e5 44. h4 exd4+ 45. Kxd4 Ke6 46.
Bg4+ Kf7 47. h5 Bb5 48. Ke5 Bc4 49. Bf3 Kf8 50. Kf5 Kf7 51. g6+ Kg8 52. Kg5 Bb3
53. Bg4 Bc4 54. Bf5 Kh8 55. Bd7 Bd3 56. Bf5 Bxf5 57. Kxf5 Kg8 58. Ke6 Kh8 59.
h6 Kg8 60. hxg7 Kxg7 61. Kf5 Kg8 62. Kf6 Kf8 1/2-1/2

[Event "Mittelfrankenliga 05/06 (B1)"]
[Site "Mfr.2005/06-R6"]
[Date "2006.02.12"]
[Round "6.6"]
[White "Linsenmeyer, Mario"]
[Black "Dittmar, Thomas"]
[Result "1-0"]
[WhiteElo "1894"]
[BlackElo "1903"]
[Annotator "Großenseebach1-SF Fürth1"]
[PlyCount "107"]
[EventDate "2006.02.12"]
[SourceDate "2005.10.17"]

1. e4 c6 2. d4 d5 3. e5 Bf5 4. Be3 e6 5. Nd2 Ne7 6. Be2 Nd7 7. Nb3 Bg6 8. f4
Rc8 9. Bf2 Qb6 10. Nf3 c5 11. dxc5 Qb4+ 12. Qd2 Nc6 13. c3 Qa4 14. O-O Be7 15.
Nbd4 O-O 16. Bb5 Qa5 17. b4 Qc7 18. Nxc6 bxc6 19. Ba6 Rce8 20. Nd4 Bd8 21. Bg3
Nb8 22. Be2 Qe7 23. Rae1 Bc7 24. Bg4 Be4 25. Bf3 Bg6 26. Bd1 h5 27. Re3 f6 28.
Bh4 Qf7 29. exf6 gxf6 30. Rg3 Kh7 31. Bc2 f5 32. Re3 e5 33. Nf3 Qg7 34. fxe5
Nd7 35. e6 Ne5 36. Ng5+ Kg8 37. Ree1 a5 38. a3 Nc4 39. Qd4 Be5 40. Rxe5 Nxe5
41. Re1 Nc4 42. Qxg7+ Kxg7 43. e7 Rg8 44. Ne6+ Kh7 45. Ba4 Nxa3 46. Bxc6 axb4
47. cxb4 Nc2 48. Bxe8 Bxe8 49. Rb1 d4 50. Nc7 Bc6 51. g3 d3 52. b5 Na3 53. bxc6
Nxb1 54. Kf2 1-0